Structural steel design / (Record no. 528848)

000 -LEADER
fixed length control field 01051cam a2200325 a 4500
001 - CONTROL NUMBER
control field 16742926
003 - CONTROL NUMBER IDENTIFIER
control field NUST
005 - DATE AND TIME OF LATEST TRANSACTION
control field 20190913103030.0
008 - FIXED-LENGTH DATA ELEMENTS--GENERAL INFORMATION
fixed length control field 110420s2012 mauab b 001 0 eng
010 ## - LIBRARY OF CONGRESS CONTROL NUMBER
LC control number 2011010788
020 ## - INTERNATIONAL STANDARD BOOK NUMBER
International Standard Book Number 9780136079484
020 ## - INTERNATIONAL STANDARD BOOK NUMBER
International Standard Book Number 0136079482
038 ## - RECORD CONTENT LICENSOR
Staff Name MSOHAIL
040 ## - CATALOGING SOURCE
Original cataloging agency DLC
Transcribing agency DLC
Modifying agency DLC
042 ## - AUTHENTICATION CODE
Authentication code pcc
050 00 - LIBRARY OF CONGRESS CALL NUMBER
Classification number TA684
Item number .M25 2012
082 00 - DEWEY DECIMAL CLASSIFICATION NUMBER
Classification number 624.1821
Edition number 22
Author Mark MCC
100 1# - MAIN ENTRY--PERSONAL NAME
Personal name McCormac, Jack C.
9 (RLIN) 1288
245 10 - TITLE STATEMENT
Title Structural steel design /
Statement of responsibility, etc. Jack C. McCormac, Stephen F. Csernak.
250 ## - EDITION STATEMENT
Edition statement 5th ed.
260 ## - PUBLICATION, DISTRIBUTION, ETC.
Place of publication, distribution, etc. Boston :
Name of publisher, distributor, etc. Prentice Hall,
Date of publication, distribution, etc. c2012.
300 ## - PHYSICAL DESCRIPTION
Extent xii, 724 p. :
Other physical details ill., map ;
Dimensions 24 cm.
504 ## - BIBLIOGRAPHY, ETC. NOTE
Bibliography, etc. note Includes bibliographical references and index.
650 #0 - SUBJECT ADDED ENTRY--TOPICAL TERM
Topical term or geographic name entry element Building, Iron and steel
Form subdivision Textbooks.
9 (RLIN) 20637
650 #0 - SUBJECT ADDED ENTRY--TOPICAL TERM
Topical term or geographic name entry element Steel, Structural
Form subdivision Textbooks.
9 (RLIN) 20638
700 1# - ADDED ENTRY--PERSONAL NAME
Personal name Csernak, Stephen F.
9 (RLIN) 20639
906 ## - LOCAL DATA ELEMENT F, LDF (RLIN)
a 7
b cbc
c orignew
d 1
e ecip
f 20
g y-gencatlg
942 ## - ADDED ENTRY ELEMENTS (KOHA)
Source of classification or shelving scheme
Koha item type Book
Holdings
Withdrawn status Lost status Source of classification or shelving scheme Damaged status Not for loan Permanent Location Current Location Date acquired Total Checkouts Total Renewals Full call number Barcode Date last seen Date last checked out Price effective from Koha item type Checked out
          School of Civil and Environmental Engineering (SCEE) School of Civil and Environmental Engineering (SCEE) 10/10/2019 13 10 624.1821 MCC NIT-12875 01/02/2026 10/15/2025 10/10/2019 Book  
          School of Civil and Environmental Engineering (SCEE) School of Civil and Environmental Engineering (SCEE) 10/28/2019 9 3 624.1821 MCC NIT-12594 02/18/2025 02/18/2025 10/28/2019 Book 06/18/2025
© 2023 Central Library, National University of Sciences and Technology. All Rights Reserved.